Normal view
MARC view
Entry Topical Term
001 - CONTROL NUMBER
- control field: 5751
003 - CONTROL NUMBER IDENTIFIER
- control field: BD-RjUL
005 - DATE AND TIME OF LATEST TRANSACTION
- control field: 20221108120630.0
008 - FIXED-LENGTH DATA ELEMENTS
- fixed length control field: 221108|| aca||aabn | a|a d
040 ## - CATALOGING SOURCE
- Original cataloging agency: BD-RjUL
- Transcribing agency: BD-RjUL
150 ## - HEADING--TOPICAL TERM
- Topical term or geographic name entry element: Hydrology
- General subdivision: Hills
670 ## - SOURCE DATA FOUND
- Source citation: Work cat.: (BD-RjUL)80729: Khan, Younus Ahmed 5750, Slope Stability Analysis Considering Local Factors of Safety Using Non-vertical Slices within the Limit Equilibrium framework :, 2005